Birkat Eliyahu : (Record no. 33858)

MARC details
000 -LEADER
fixed length control field 00839cam a22002411 4500
001 - CONTROL NUMBER
control field he 68003337
003 - CONTROL NUMBER IDENTIFIER
control field DLC
005 - DATE AND TIME OF LATEST TRANSACTION
control field 20260227111505.0
008 - FIXED-LENGTH DATA ELEMENTS--GENERAL INFORMATION
fixed length control field 840815s1968 is 000 0 heb
010 ## - LIBRARY OF CONGRESS CONTROL NUMBER
LC control number he 68003337
035 ## - SYSTEM CONTROL NUMBER
System control number (OCoLC)19201198
040 ## - CATALOGING SOURCE
Original cataloging agency DLC
Transcribing agency MH
Modifying agency DLC
042 ## - AUTHENTICATION CODE
Authentication code premarc
050 00 - LIBRARY OF CONGRESS CALL NUMBER
Classification number BM520.88.A57
Item number R3
100 1# - MAIN ENTRY--PERSONAL NAME
Personal name Raḳover, Barukh,
Dates associated with a name 1917-
245 10 - TITLE STATEMENT
Title Birkat Eliyahu :
Remainder of title perush le-veʼur ha-Gera ʻal Even ha-ʻezer.
260 ## - PUBLICATION, DISTRIBUTION, ETC.
Place of publication, distribution, etc. Jerusalem :
Name of publisher, distributor, etc. Mosad ha-Rav Ḳuḳ,
Date of publication, distribution, etc. 728-733 [1968-1972]
300 ## - PHYSICAL DESCRIPTION
Extent 3 v. ;
Dimensions 29 cm.
600 10 - SUBJECT ADDED ENTRY--PERSONAL NAME
Personal name Karo, Joseph ben Ephraim,
Dates associated with a name 1488-1575.
Title of a work Even ha-ʻezer
Form subdivision Commentaries.
700 1# - ADDED ENTRY--PERSONAL NAME
Personal name Karo, Joseph ben Ephraim,
Dates associated with a name 1488-1575.
Title of a work Even ha-ʻezer.
Date of a work 1968.
700 0# - ADDED ENTRY--PERSONAL NAME
Personal name Elijah ben Solomon,
Dates associated with a name 1720-1797.
Title of a work Beʼur ha-Gera (Shulḥan ʻarukh).
Date of a work 1968.
752 ## - ADDED ENTRY--HIERARCHICAL PLACE NAME
Country or larger entity Israel
City Jerusalem

No items available.

Powered by Koha